Lomé–Tokoin International Airport Destinations (Lomé, Togo) - Statistics

General Stats
  • This quiz has been taken 45 times
    13 since last reset
  • The average score is 26 of 34
Answer Stats
Airline Destination % Correct
Air Côte d'Ivoire/ASKY Airlines Abidjan
100%
ASKY Airlines Abuja
100%
Ethiopian Airlines Addis Ababa
100%
Air Burkina/ASKY Airlines Ouagadougou
100%
Air France Paris (Charles de Gaulle)
100%
ASKY Airlines Accra
91%
ASKY Airlines Bamako
91%
ASKY Airlines Brazzaville
91%
Brussels Airlines Brussels
91%
Royal Air Maroc Casablanca
91%
ASKY Airlines Dakar (Diass)
91%
ASKY Airlines Kinshasa (N'djili)
91%
ASKY Airlines Lagos
91%
ASKY Airlines Nairobi (Jomo Kenyatta)
91%
ASKY Airlines Bissau
82%
ASKY Airlines Conakry
82%
Air Burkina/ASKY Airlines Cotonou
82%
ASKY Airlines Luanda
82%
ASKY Airlines/Ceiba Intercontinental Airlines Malabo
82%
ASKY Airlines Bangui
73%
ASKY Airlines Banjul
73%
ASKY Airlines Freetown
73%
ASKY Airlines Monrovia (Roberts)
73%
ASKY Airlines Niamey
73%
ASKY Airlines Nouakchott
73%
ASKY Airlines São Tomé
73%
ASKY Airlines Yaoundé
73%
ASKY Airlines Douala
64%
ASKY Airlines Libreville
64%
ASKY Airlines N'Djamena
64%
ASKY Airlines Praia
45%
Ethiopian Airlines Newark
36%
ASKY Airlines Pointe-Noire
27%
Ethiopian Airlines Washington (Dulles)
27%
No matching quizzes found
Score Distribution
Percent of People with Each Score
Percentile by Number Answered
Your Score History
You have not taken this quiz since the last reset